Statistics for "This is Me" The Greatest Showman - finish the lyrics

Click here to take the quiz!

General Stats

  • This quiz has been taken 4,357 times
  • The average score is 27 of 34

Answer Stats

LyricsAnswer% Correct
I am not a -------- to the darkstranger
96%
I know that there's a ----- for usplace
93%
I know that there's a ----- for usplace
93%
Oh-oh-oh, oh-oh-oh, oh-oh-oh, oh, oh This is --me
92%
But I won't let them break me down to ----dust
91%
Look out 'cause here I come. And I'm marching on to the ---- I drumbeat
89%
I am who I'm ----- to be, this is memeant
89%
This is who I'm ----- to be, this is memeant
89%
Run away, they say. No one'll ---- you as you arelove
88%
For we are --------glorious
86%
For we are --------glorious
86%
Hide away, they say. 'Cause we don't want your ------ -----broken parts
85%
When the -------- words wanna cut me downsharpest
85%
When the -------- words wanna cut me downsharpest
85%
When the -------- words wanna cut me downsharpest
85%
I'm not scared to be seen. I make no ---------, this is meapologies
83%
---- is brave, ---- is bruisedthis
81%
Won't let them ----- me down to dustbreak
80%
I am brave, I am -------bruised
79%
I am brave, I am -------bruised
79%
Look out '----- here I comecause
79%
And I'm -------- on to the beat I drummarching
78%
I am who I'm meant to be, ---- -- --this is me
78%
I've learned to be ------- of all my -----ashamed scars
76%
I'm gonna send a -----, gonna ----- them outflood drown
74%
I'm gonna send a -----, gonna ----- them outflood drown
74%
Gonna send a -----, gonna ----- them outflood drown
74%
Yeah, that's what we've ------become
72%
I'm not ------ to be seen. I make no ---------, this is mescared apologies
70%
And -------- for the sun (we are warriors)reaching
64%
We are bursting through the ----------barricades
58%
Oh-oh-oh-oh. Another round of bullets hits my skin Well, fire away 'cause today, I won't let the ----- sink inshame
58%
And I know that I ------- your lovedeserve
57%
There's nothing I'm not ------ ofworthy
53%

Score Distribution

Percentile by Number Answered

Percent of People with Each Score

Your Score History

You have not taken this quiz